000 00298nam a22001217a 4500
008 170927b xxu||||| |||| 00| 0 eng d
041 _aeng
080 _23 ED
_a37
100 _a46
101 _aEDU
245 _aWORDSMITH A GUIDE TO PARAGRPHS AND SHORT EASY
_cARLOV.P
942 _2udc
_cBK
999 _c30111
_d30111